České erby /

Z velkého množství šlechtických rodů, které žily na českém území, vybrali autoři stovku erbů těch rodů, které se buď výrazně zapsaly do našich dějin, nebo ta erbovní znamení, která jsou heraldicky nejzajímavější. Každý barevný erbje provázen vysvětlujícím textem a stručnými informacemi o rodu, jemuž...

Full description

Main Author: Janáček, Josef, 1925-1994
Other Authors: Louda, Jiří, 1920-2015
Language: Czech
Published: Praha : Albatros, 1974
Edition: 1. vyd.
Series: Oko (Albatros)
Online Access: Digitalizovaný dokument
Physical Description: 221, [1] s.
Book
Saved in:
LEADER 02191nam a22004332a 4500
001 000665806
003 CZ BrMZK
005 20230803134737.0
007 ta
008 030410s1974 xr a c f cze d
015 |a cnb000145934 
040 |a ABA001  |b cze  |c OLA001  |d BOA001  |d ABA001 
043 |a e-xr--- 
072 7 |a 929.5/.9  |x Genealogie. Heraldika. Šlechta. Vlajky  |2 Konspekt  |9 8 
072 7 |a 0/9-053.2  |x Literatura pro děti a mládež (naučná)  |2 Konspekt  |9 26 
080 |a 929.6  |2 MRF 
080 |a 929.732  |2 MRF 
080 |a (437.3)  |2 MRF 
080 |a (0.062)  |2 MRF 
080 |a (0.053.2)  |2 MRF 
100 1 |a Janáček, Josef,  |d 1925-1994  |7 jk01050739  |4 com  |4 wfw 
245 1 0 |a České erby /  |c Josef Janáček ; texty k rodům naps. Josef Janáček, texty k erbům naps. a [barev.] erby nakreslil Jiří Louda 
250 |a 1. vyd. 
260 |a Praha :  |b Albatros,  |c 1974 
300 |a 221, [1] s. 
490 1 |a Oko ;  |v sv. 34 
520 2 |a Z velkého množství šlechtických rodů, které žily na českém území, vybrali autoři stovku erbů těch rodů, které se buď výrazně zapsaly do našich dějin, nebo ta erbovní znamení, která jsou heraldicky nejzajímavější. Každý barevný erbje provázen vysvětlujícím textem a stručnými informacemi o rodu, jemuž patří. V úvodních kapitolách vysvětlují autoři vznik a vývoj šlechty a objasňují, co je to heraldika. 
521 1 |a Pro čtenáře od 9 let. 
650 0 7 |a rodové znaky  |7 ph125189  |z Česko  |2 czenas 
650 0 7 |a šlechtické rody  |7 ph127826  |z Česko  |2 czenas 
655 7 |a populárně-naučné publikace  |7 fd131864  |2 czenas 
655 7 |a publikace pro děti  |7 fd133156  |2 czenas 
700 1 |a Louda, Jiří,  |d 1920-2015  |7 jk01072477  |4 aut  |4 ill 
830 0 |a Oko (Albatros)  |0 s 
856 4 1 |u http://www.digitalniknihovna.cz/mzk/uuid/uuid:d883da40-3c8a-11e3-ad71-005056827e52  |y Digitalizovaný dokument  |x NDK 
910 |a BOA001  |b PK-A-0015.094  |b 1-0726.661 
990 |a BK 
996 6 |b 2619912898  |c 1-0726.661  |l Stud. starých tisků/4.patro  |r PST  |n 0  |h SK2  |w 000665806  |u 000020  |a 1  |e BOA001  |j MZK50  |s P 
996 6 |b 2619982277  |c 1-0726.661  |l MZK  |r Sklad / do 1 hodiny  |n 4  |w 000665806  |u 000030  |a 1  |e BOA001  |j MZK50  |s P